| 000 | 00418nam a2200133Ia 4500 | ||
|---|---|---|---|
| 008 | 191206s9999 xx 000 0 und d | ||
| 020 | _a0256025614 (pbk.) | ||
| 090 | _aHD69.C6C53 | ||
| 245 | 0 | _aOrganizations by design: theory and practice | |
| 260 | _aBusiness Publications | ||
| 260 | _cc1981 | ||
| 300 | _a"xii, 567 p. : ill. ; 25 cm." | ||
| 999 |
_c16627 _d16627 |
||